LEADER 02378nam0-2200397---450 001 9910297858903321 005 20250512102347.0 012 $ai-ca b-n- i-B. seCa (3) 1697 (R)$2fei$5IT-NA0338: A IV 220 (2 012 $ai-ca b-n- i-B. seCa (3) 1697 (R)$2fei$5IT-NA0338: H VIII 34 (2 100 $a20190108d1697----km-y0itay50------ba 101 0 $alat 102 $aIT 140 $aa-----------------bb0------- 200 1 $aSupplemen alterum ad Hortum Catholicum, auctore ejusdem Horti, patre fr. Francisco Cupani ex Franciscana tertii Ordinis familia, ... continens plantarum ... emendationem; ... 210 $aPanormi$cex recenti typographia Joseph Gramignani$d1697 215 $a[8], 95, [3] p.$d4° 300 $aSegue la sottoscrizione sul front.: Imp. Girg. V.G. Imp. Giusinus P. 300 $aStemma calcogr. sul front. inciso da Nicolò Filippone 307 $aSegn.: A?(A1+a?) B-M? ?¹ 316 $aLegato con: Hortus Catholicus seù illustrissimi, & excellentissimi principis Catholicæ, ... autore pat. fr. Francisco Cupani tertij Ordinis S. Francisci, S. Th. magistro Siculo, & Myrthensi$5IT-NA0338: A IV 220 (2 316 $aLegato con: Hortus Catholicus seù illustrissimi, & excellentissimi principis Catholicæ, ... autore pat. fr. Francisco Cupani tertij Ordinis S. Francisci, S. Th. magistro Siculo, & Myrthensi$5IT-NA0338: H VIII 34 (2 316 $aFasc. a? rilegato dopo fasc. M?$5IT-NA0338: H VIII 34 (2 321 1 $aPritzel$b1872$c1994$uhttps://books.google.it/books?id=_FnAgYaaY0AC&printsec=frontcover&hl=it&source=gbs_ge_summary_r&cad=0#v=snippet&q=cupani&f=false 620 $aItalia.$dPalermo 700 1$aCupani,$bFrancesco$f<1657-1710>$0761271 702 1$aFilippone,$bNicolò$f 719 00$aGramignani,$gGiuseppe$4650 801 0$aIT$bUNINA$gREICAT$2UNIMARC 856 4 $zVisualizza la versione elettronica in Google Books$uhttps://books.google.it/books?id=L8dGWIR-9pQC&printsec=frontcover&hl=it&source=gbs_ge_summary_r&cad=0#v=onepage&q&f=false$e20250512 901 $aAQ 912 $a9910297858903321 952 $aA IV 220 (2$fDBV 952 $aH VIII 34 (2$fDBV 959 $aDBV 996 $aSupplemen alterum ad Hortum Catholicum, auctore ejusdem Horti, patre fr. Francisco Cupani ex Franciscana tertii Ordinis familia, ... continens plantarum ... emendationem; ..$91541190 997 $aUNINA